Personnages fictifs commençant par la lettre A - Statistiques

Statistiques générales
  • Ce quiz a été pris 167 fois
  • Le résultat moyen est 16 sur 30
Statistiques - réponses
Par images Réponse % Correct
Aladdin
99%
Anna
97%
Ariel
95%
Alice
93%
Astérix
92%
Arthur
83%
Anakin Skywalker
74%
Albus Dumbledore
73%
Anastasia
72%
Atchoum
72%
Alex
71%
Aurore
70%
Albator
69%
Ant-Man
68%
Abu
60%
Astro Boy
59%
Aragorn
55%
Aslan
52%
Arlo
50%
Arthur Weasley
50%
Aang
39%
Appa
21%
Archimède
20%
Azula
14%
Am
12%
Arwen
11%
Anastasie de Trémaine
10%
Ash
9%
Absolem
5%
Anita Radcliffe
3%
Aucun quiz correspondant
Distribution des résultats
% des personnes avec chaque résultat
Percentile par nombre de réponses
Votre historique - résultats
Vous n’avez pas pris ce quiz